书目信息 |
| 题名: |
AutoCAD 2006建筑设计师就业技能培训教程
|
|
| 作者: | 沈大林 主编 ;刘璐 , 季红益 , 张凤红 编著 | |
| 分册: | ||
| 出版信息: | 北京 中国铁道出版社 2007.04 |
|
| 页数: | 297页 | |
| 开本: | 26cm | |
| 丛书名: | 就业技能培训系列 | |
| 单 册: | ||
| 中图分类: | TU201.4 | |
| 科图分类: | ||
| 主题词: | 建筑设计 : 计算机辅助设计--jian zhu she ji:ji suan ji fu zhu she ji--AutoCAD 2006--应用软件--技术培训--教材 | |
| 电子资源: | ||
| ISBN: | 978-7-113-07585-9 | |
| 000 | 01426nam 2200289 450 | |
| 001 | 012007744624 | |
| 005 | 20070927094403.04 | |
| 010 | @a978-7-113-07585-9@dCNY32.00 (含光盘) | |
| 100 | @a20070720d2007 km y0chiy0120 ea | |
| 101 | 0 | @achi |
| 102 | @aCN@b110000 | |
| 105 | @aa z 000yy | |
| 200 | 1 | @aAutoCAD 2006建筑设计师就业技能培训教程@AAutoCAD 2006 jian zhu she ji shi jiu ye ji neng pei xun jiao cheng@f沈大林主编@Fshen da lin zhu bian@g刘璐 ... [等] 编著@Gliu lu...[deng]bian zhu |
| 210 | @a北京@c中国铁道出版社@d2007.04 | |
| 215 | @a297页@c图@d26cm@e光盘1片 | |
| 225 | 2 | @a就业技能培训系列@Ajiu ye ji neng pei xun xi lie |
| 304 | @a题名页题: 刘璐, 季红益, 张凤红, 于占江编著 | |
| 330 | @a本书针对AutoCAD 2006的基本功能和命令,以实例教学的方式进行全面系统的讲解,将基本功能和设计技巧结合在一起。通过14个实用案例介绍AutoCAD软件使用方法的同时,还提供了大量使用技巧、各种典型建筑、装饰图,以及国家制图标准的要求。从最基本的标题栏、各种常见的工程图等基本图形的绘制,到三维图等的制作方法和图符标准进行了详细讲解。 | |
| 410 | 0 | @12001 @a就业技能培训系列 |
| 606 | 0 | @a建筑设计 : 计算机辅助设计@Ajian zhu she ji:ji suan ji fu zhu she ji@xAutoCAD 2006@x应用软件@x技术培训@j教材 |
| 690 | @aTU201.4@v4 | |
| 701 | 0 | @a沈大林@Ashen da lin@4主编 |
| 702 | 0 | @a刘璐@Aliu lu@4编著 |
| 702 | 0 | @a季红益@Aji hong yi@4编著 |
| 702 | 0 | @a张凤红@Azhang feng hong@4编著 |
| 801 | 0 | @aCN@c20070927 |
| 905 | @dTU201.4@eS383 | |
| AutoCAD 2006建筑设计师就业技能培训教程/沈大林主编/刘璐 ... [等] 编著.-北京:中国铁道出版社,2007.04 |
| 297页:图;26cm+光盘1片.-(就业技能培训系列) |
| ISBN 978-7-113-07585-9:CNY32.00 (含光盘) |
| 本书针对AutoCAD 2006的基本功能和命令,以实例教学的方式进行全面系统的讲解,将基本功能和设计技巧结合在一起。通过14个实用案例介绍AutoCAD软件使用方法的同时,还提供了大量使用技巧、各种典型建筑、装饰图,以及国家制图标准的要求。从最基本的标题栏、各种常见的工程图等基本图形的绘制,到三维图等的制作方法和图符标准进行了详细讲解。 |
| ● |
| 相关链接 |
|
|
|
正题名:AutoCAD 2006建筑设计师就业技能培训教程
索取号:TU201.4/S383
 
预约/预借
| 序号 | 登录号 | 条形码 | 馆藏地/架位号 | 状态 | 备注 |
| 1 | 245233 | 202452336 | 建筑库101/ [索取号:TU201.4/S383] | 在馆 | |
| 2 | 245234 | 202452345 | 建筑库101/101建筑库 35排2列5层/ [索取号:TU201.4/S383] | 在馆 | |
| 3 | 245235 | 202452354 | 建筑库101/101建筑库 6排1列1层/ [索取号:TU201.4/S383] | 在馆 |